000 00289nam a2200145Ia 4500
100 _aKULKARNI/K.T.
650 _aProduction.
942 _cBK
366 _f10
654 _aINDL.SAFETY
245 _aINDUSTRIAL SAFETY
260 _bPRADISH MUDRAN
300 _a272
546 _aENGLISH
999 _c27736
_d27736